| Tag |
First Indicator |
Second Indicator |
Subfields |
| LEADER |
00000cam a2200000 a 4500 |
| 001 |
in00000096029 |
| 005 |
20150923173905.0 |
| 008 |
801209s1980 sw a b 00010 eng d |
| 035 |
|
|
|a (OCoLC)07017245
|
| 035 |
|
|
|9 AAK8419AM
|
| 040 |
|
|
|a CUN
|c CUN
|d TXA
|d UtOrBLW
|
| 049 |
|
|
|a TXAM
|c [1167238]
|
| 090 |
|
|
|a QP1
|b .A262 no. 485
|
| 100 |
1 |
|
|a Edin, Roger.
|
| 245 |
1 |
4 |
|a The vagal control of the pyloric motor function :
|b a physiological and immunohistochemical study in the cat and man /
|c by Roger Edin.
|
| 264 |
|
1 |
|a Goteborg :
|b [publisher not identified] ;
|a Uppsala : distributor, Almqvist & Wixel,l,
|c 1980.
|
| 300 |
|
|
|a 30 pages :
|b illustrations ;
|c 25 cm.
|
| 336 |
|
|
|a text
|b txt
|2 rdacontent
|
| 337 |
|
|
|a unmediated
|b n
|2 rdamedia
|
| 338 |
|
|
|a volume
|b nc
|2 rdacarrier
|
| 490 |
1 |
|
|a Acta physiologica Scandinavica. Supplementum,
|x 0302-2994 ;
|v 485
|
| 504 |
|
|
|a Bibliography: pages 25-30.
|
| 650 |
|
0 |
|a Vagus nerve.
|
| 650 |
|
0 |
|a Pylorus.
|
| 650 |
|
0 |
|a Neural transmission.
|
| 650 |
|
0 |
|a Immunochemistry.
|
| 650 |
|
0 |
|a Peptides.
|
| 830 |
|
0 |
|a Acta physiologica Scandinavica.
|p Supplementum ;
|v 485.
|
| 999 |
|
|
|a MARS
|
| 999 |
f |
f |
|s fbc64e80-3a7f-3449-8cc2-1c99b7c79512
|i 9925fa2b-dfd6-3ec2-b70a-30705460bd44
|t 0
|
| 952 |
f |
f |
|p ric
|a Texas A&M University
|b Rellis Campus
|c Joint Library Facility
|d Remote Storage
|t 0
|e QP1 .A262 no. 485
|h Library of Congress classification
|i unmediated -- volume
|m A14806010385
|
| 998 |
f |
f |
|a QP1 .A262 no. 485
|t 0
|l Remote Storage
|